Libro de los enxiemplos del Conde Lucanor o de Patronio / (Record no. 183185)
[ view plain ]
| 000 -LEADER | |
|---|---|
| campo de control de longitud fija | 00850nam a2200265 i 4500 |
| 001 - NÚMERO DE CONTROL | |
| campo de control | 183185 |
| 003 - IDENTIFICADOR DE NÚMERO DE CONTROL | |
| campo de control | ES-MaACL |
| 005 - FECHA Y HORA DE LA ÚLTIMA TRANSACCIÓN | |
| campo de control | 20240409180457.0 |
| 008 - DATOS DE LONGITUD FIJA--INFORMACIÓN GENERAL | |
| campo de control de longitud fija | 140129s1985 sp |||| | spa d |
| 020 ## - NÚMERO INTERNACIONAL ESTÁNDAR DEL LIBRO | |
| Número Internacional Estándar del Libro | 84-376-0078-2 |
| 080 ## - NÚMERO DE LA CLASIFICACIÓN DECIMAL UNIVERSAL | |
| Número de la Clasificación Decimal Universal | 821.134.2-34"13" |
| 100 0# - ENTRADA PRINCIPAL--NOMBRE DE PERSONA | |
| Nombre de persona | Juan Manuel, Don ( |
| Fechas asociadas al nombre | 1282-1348) |
| 9 (RLIN) | 174238 |
| 245 10 - MENCIÓN DEL TÍTULO | |
| Título | Libro de los enxiemplos del Conde Lucanor o de Patronio / |
| Mención de responsabilidad, etc. | Don Juan Manuel ; edición de Alfonso I. Sotelo. |
| 250 ## - MENCION DE EDICION | |
| Mención de edición | 10ª ed. |
| 260 ## - PUBLICACIÓN, DISTRIBUCIÓN, ETC. | |
| Lugar de publicación, distribución, etc. | Madrid : |
| Nombre del editor, distribuidor, etc. | Cátedra, |
| Fecha de publicación, distribución, etc. | 1985. |
| 300 ## - DESCRIPCIÓN FÍSICA | |
| Extensión | 356 p. ; |
| Dimensiones | 18 cm. |
| 490 1# - MENCIÓN DE SERIE | |
| Mención de serie | Letras hispánicas ; |
| Designación de volumen o secuencia | 53 |
| 504 ## - NOTA DE BIBLIOGRAFÍA, ETC. | |
| Nota de bibliografía, etc. | Bibliografía: p. 61-65. |
| 700 1# - ENTRADA AGREGADA--NOMBRE PERSONAL | |
| Nombre de persona | Sotelo, Alfonso I. |
| 9 (RLIN) | 154289 |
| 740 3# - ENTRADA AGREGADA--TÍTULO RELACIONADO/ANALÍTICO NO CONTROLADO | |
| Título relacionado o analítico no controlado | El conde Lucanor. |
| 830 00 - PUNTO DE ACCESO ADICIONAL DE SERIE-TÍTULO UNIFORME | |
| Título uniforme | Letras hispánicas ; |
| Designación de volumen o secuencia | 53 |
| 9 (RLIN) | 235703 |
| 852 ## - LOCALIZACIÓN | |
| Ubicación | ES-MaACL |
| Número de control de estantería | L-29994 |
| Nota libre | .- Donat. Miguel A. Velasco |
| 942 ## - ELEMENTOS DE ENTRADA SECUNDARIOS (KOHA) | |
| Fuente del sistema de clasificación o colocación | Clasificación decimal universal |
| Estatus retirado | Estado de pérdida | Estado de daño | No para préstamo | Biblioteca de origen | Biblioteca actual | Ubicación en estantería | Fecha de adquisición | Fuente de adquisición | Total de préstamos | Signatura topográfica completa | Código de barras | Visto por última vez | Precio de reemplazo | Tipo de ítem Koha |
|---|---|---|---|---|---|---|---|---|---|---|---|---|---|---|
| Biblioteca del Ateneo de Madrid | Biblioteca del Ateneo de Madrid | Depósito 2 | 29/01/2014 | L-29994 | 1192530 | 23/02/2023 | 23/02/2023 | Libro impreso |
